000 00409nam a2200145Ia 4500
008 210716s1989 xx 000 0 und d
041 _aeng
082 _a004 SONS
100 _aSoni, Sanjay;Aggarwal, Vinayak.
245 _aComputers: systems and programming.
_bSystems and programming.
250 _a1
260 _aNew Delhi
_bSultan chand& sons
_c1989
300 _a348
650 _aComputer Fundamentals
999 _c182275
_d182275